Proyectos en Educación, Ciencia, y Tecnología
שמור ב:
| מחבר ראשי: | |
|---|---|
| מחברים אחרים: | , |
| פורמט: | ספר |
| שפה: | ספרדית |
| יצא לאור: |
Concepción
Universidad del Bio-Bio
1999
|
| נושאים: | |
| תגים: |
הוספת תג
אין תגיות, היה/י הראשונ/ה לתייג את הרשומה!
|
MARC
| LEADER | 00000nam a2200000 a 4500 | ||
|---|---|---|---|
| 001 | UCP6101 | ||
| 003 | CL-VaPUC | ||
| 005 | 20220823074205.0 | ||
| 008 | 991008e19990000CL |||||||||||||||||spa|d | ||
| 999 | |c 283725 |d 283723 | ||
| 040 | |c Pontificia Universidad Católica de Valparaíso | ||
| 082 | 0 | 4 | |a 371.36 TOL 1999 |2 21 |
| 100 | 0 | |a Toledo M., Fernando |9 434939 | |
| 245 | 1 | 0 | |a Proyectos en Educación, Ciencia, y Tecnología |
| 260 | |a Concepción |b Universidad del Bio-Bio |c 1999 | ||
| 300 | |a 88 páginas | ||
| 583 | |a last modification |c 19991008 00:00:00 |k Rodrigo Vera | ||
| 650 | 0 | |a Investigación científica |9 259857 | |
| 650 | 0 | |a Informes técnicos |9 259856 | |
| 650 | 0 | |a Periódicos |9 335528 | |
| 700 | 0 | |a Arancibia A., Patricia |9 434940 | |
| 700 | 0 | |a Quezada C., Rodolfo |9 434941 | |
| 942 | |c BK |2 ddc | ||
| 945 | |d 19991008 00:00:00 |a rbrito | ||
| 952 | |0 0 |1 0 |2 ddc |4 0 |6 371_360000000000000_TOL_1999 |7 0 |8 P |9 327140 |a BIBEDU |b BIBEDU |c BIBEDU_PB |d 2019-11-20 |i 3562905 |o 371.36 TOL 1999 |p 3562905 |r 2024-01-25 |t 1 |w 2019-11-20 |y BK |k EDU | ||